000 00852nam a2200169 a 4500
008 120416s1994 ||||||||||||||||| || u
020 _a0750619600
050 _aREF TD 51 Car
100 _aCarvill, J
245 1 0 _aMechanical engineer's data handbook
260 _aOxford
_bButterworth-Heinemann
_c1994
350 _a0.00
995 _aREFERENCE BOOKS
_D0.00
_e730567
_FCBU-MAIN LIBRARY (Kitwe)
_H1
_I30.00
_jTD 51 Car
_UREFERENCE
_y027515
_ZReference Collection
995 _aREFERENCE BOOKS
_D0.00
_e730825
_FCBU-MAIN LIBRARY (Kitwe)
_H2
_I30.00
_jTD 51 Car
_UREFERENCE
_y027979
_ZReference Collection
995 _aREFERENCE BOOKS
_D0.00
_e731079
_FCBU-MAIN LIBRARY (Kitwe)
_H3
_I30.00
_jTD 51 Car
_UREFERENCE
_y028107
_ZReference Collection
995 _aREFERENCE BOOKS
_D0.00
_e735070
_FCBU-MAIN LIBRARY (Kitwe)
_H4
_I30.00
_jTD 51 Car
_UREFERENCE
_y38227
_ZReference Collection
999 _c82821
_d82821